000 00269nam a22001217a 4500
008 230703b xxu||||| |||| 00| 0 eng d
082 _a352
_bROK
100 _cGOK
245 _aStaff List as at 1st July 1967
260 _bGOK
_c1967
300 _a274p
942 _2ddc
_cBK
999 _c3170
_d3170